Simposi de Silvicultura Mediterrània en Boscos Privats
Publicado:
Barcelona :
Diputació de Barcelona. Àrea d'Espais Naturals. Oficina Tècnica de Prevenció Municipal d'Incendis Forestals ,
2006
Descripción Física:
1 carpeta ; 30 cm
MARC
| LEADER | 00000nam a2200000Ia 4500 | ||
|---|---|---|---|
| 001 | 24232 | ||
| 008 | 160829s2006 xx 000 0 cat d | ||
| 080 | |a FU-63-27 | ||
| 245 | |a Simposi de Silvicultura Mediterrània en Boscos Privats | ||
| 260 | |a Barcelona : |b Diputació de Barcelona. Àrea d'Espais Naturals. Oficina Tècnica de Prevenció Municipal d'Incendis Forestals, |c 2006 | ||
| 300 | |a 1 carpeta ; |c 30 cm | ||
| 590 | |a Inclou: Programa de mà de les jornades, la butlleta d'inscripció i 6 ponències, celebrades al Consorci El Far (Port Vell, Barcelona) , els dies 23 i 24 de novembre de 2006 | ||
| 650 | |a Explotació forestal |x Catalunya |9 38081 | ||
| 650 | 0 | |a Boscos i silvicultura |x Catalunya |9 49830 | |
| 650 | 0 | |a Boscos i silvicultura |x Catalunya |9 49830 | |
| 710 | |a Barcelona (Catalunya : Província). |b Oficina Tècnica de Prevenció Municipal d'Incendis Forestals |9 9456 | ||
| 856 | |u www.diba.cat/incendis | ||
| 901 | |a Arxiu | ||
| 942 | |n 1 | ||
| 952 | |0 0 |1 0 |4 0 |6 FU6327 |7 1 |9 56010 |a Arxiu |b Arxiu |d 2016-12-01 |l 0 |o FU-63-27 |p 24232 |r 2016-12-01 00:00:00 |w 2016-12-01 |y ARXIU | ||
| 999 | |c 59884 |d 59884 | ||